000 01276nam a2200361 a 4500
001 000109153
003 CHAP
005 20220329144039.0
008 140407s2013 mx sm |||||||spa d
010 _a105615
011 _a106587
040 _cCHAP
090 _aTesis
100 1 _aBadillo Morales, Javier
_99363
245 1 0 _aValoración económica ambiental del uso de azoteas verdes en la Comarca Lagunera
_h[En línea]
_cpor Javier Badillo Morales.
260 _aChapingo, Méx. :
_bEl autor,
_c2013.
500 _aPara ver el contenido del material haga clic en la liga
502 _aTesis (MC. en Ciencias Forestales) -- UACH. División de Ciencias Forestales
590 _aBATCH-UPD
_b05
_c20141002
_lUCH01
_h0859
590 _aBATCH
_b00
_c20181121
_lUCH01
_h0758
590 _aE5765TAJ
_b05
_c20140407
_lUCH01
_h1315
590 _aE5765TAJ
_b05
_c20140407
_lUCH01
_h1316
650 1 4 _aAgua de lluvia
_xAlmacenamiento.
_92413
650 1 4 _aEcología urbana.
_935187
650 1 4 _aEnergía
_xConsumo.
_936884
650 1 4 _aHuertos familiares.
_956726
650 1 4 _aTechos verdes (Jardinería)
_9126297
856 _a1
_n0000690
856 _aFinding aid
_uhttp://10.13.5.2/tesis/sist109153.pdf
_zTeclea aquí
901 _aBK
942 _cTESIS
942 _n0
999 _c105615
_d105615